[Event "XXVI Torneo B di Capodanno"]
[Site "Reggio nell'Emilia ITA"]
[Date "1983.12.31"]
[Round "8"]
[White "Bertok, Mario"]
[Black "Rajna, Gyorgy"]
[Result "1/2-1/2"]
[WhiteElo "2390"]
[BlackElo "2380"]
[PlyCount "23"]
[EventDate "1983.12.24"]

1. d4 Nf6 2. c4 c5 3. e3 g6 4. Nf3 Bg7 5. Nc3 O-O 6. dxc5 Na6 7. Be2 Nxc5 8.
O-O b6 9. Qc2 Bb7 10. b3 d5 11. Bb2 dxc4 12. Bxc4 1/2-1/2

[Event "XXVI Torneo B di Capodanno"]
[Site "Reggio nell'Emilia ITA"]
[Date "1983.12.31"]
[Round "8"]
[White "Gottardi, Gottardo"]
[Black "Bukal, Vladimir sr"]
[Result "0-1"]
[WhiteElo "2225"]
[BlackElo "2440"]
[PlyCount "50"]
[EventDate "1983.12.24"]

1. e4 e6 2. c4 d5 3. cxd5 exd5 4. Qb3 dxe4 5. Bc4 Qe7 6. Nc3 Nf6 7. Nge2 Nbd7
8. O-O c6 9. Ng3 Nc5 10. Qc2 b5 11. Be2 b4 12. Na4 Bd7 13. f3 Qe5 14. fxe4 Qd4+
15. Kh1 Ncxe4 16. Nxe4 Nxe4 17. b3 Nf2+ 18. Rxf2 Qxf2 19. Qe4+ Be7 20. Bb2 Qf5
21. Qxf5 Bxf5 22. Rf1 Be4 23. Bc4 f6 24. Re1 Bd5 25. Bd4 Kf7 0-1

[Event "XXVI Torneo B di Capodanno"]
[Site "Reggio nell'Emilia ITA"]
[Date "1983.12.31"]
[Round "8"]
[White "Perenyi, Bela"]
[Black "Wagman, Stuart"]
[Result "1/2-1/2"]
[WhiteElo "2335"]
[BlackElo "2260"]
[PlyCount "100"]
[EventDate "1983.12.24"]

1. e4 c5 2. Nf3 d6 3. d4 cxd4 4. Nxd4 Nf6 5. Nc3 g6 6. Be3 Bg7 7. f3 O-O 8. Qd2
Nc6 9. Bc4 Bd7 10. h4 Rc8 11. Bb3 Ne5 12. h5 Nxh5 13. O-O-O Nc4 14. Bxc4 Rxc4
15. g4 Nf6 16. b3 Rc8 17. Nd5 e6 18. Nxf6+ Qxf6 19. Bg5 Qe5 20. Kb1 Rfe8 21. c3
Qc5 22. Rc1 d5 23. Qh2 dxe4 24. Qxh7+ Kf8 25. Be3 Qd5 26. Rcd1 Qe5 27. f4 Qc7
28. f5 exf5 29. Bh6 Qe5 30. gxf5 Bxh6 31. Qxh6+ Ke7 32. fxg6 Rh8 33. Qe3 Bg4
34. Rxh8 Rxh8 35. Nc6+ bxc6 36. Qxa7+ Kf6 37. Qxf7+ Kg5 38. Rf1 Qe6 39. Qg7 Rg8
40. Qd4 Kxg6 41. Rg1 Rf8 42. Qd1 Rf4 43. Qe1 e3 44. Qg3 Qe4+ 45. Kb2 e2 46. Qh4
Qf3 47. Rh1 Kf5 48. Qh7+ Ke5 49. Qe7+ Kf5 50. Qh7+ Ke5 1/2-1/2

[Event "XXVI Torneo B di Capodanno"]
[Site "Reggio nell'Emilia ITA"]
[Date "1984.01.01"]
[Round "9"]
[White "Martorelli, Antonio"]
[Black "Bertok, Mario"]
[Result "1-0"]
[WhiteElo "2265"]
[BlackElo "2390"]
[PlyCount "77"]
[EventDate "1983.12.24"]

1. e4 g6 2. d4 Bg7 3. Nc3 d6 4. f4 Nf6 5. Nf3 Bg4 6. Be2 Nc6 7. Be3 O-O 8. e5
dxe5 9. dxe5 Nd7 10. h3 Bxf3 11. Bxf3 Nb6 12. Qe2 e6 13. h4 Nd4 14. Qf2 Nxf3+
15. Qxf3 Nd5 16. O-O-O c6 17. h5 Qe7 18. hxg6 fxg6 19. Ne4 Nxe3 20. Qxe3 h6 21.
Rd6 Rad8 22. Rhd1 g5 23. Qb3 Rxd6 24. Rxd6 Kh8 25. Rxe6 Qf7 26. Nf6 gxf4 27.
Qh3 Rd8 28. Ne4 Qf8 29. Qh5 f3 30. Qxf3 Qb4 31. c3 Qc4 32. Rd6 Rf8 33. Nf6 Qxa2
34. Qf5 Qa1+ 35. Kc2 Qa4+ 36. Kd2 Bxf6 37. exf6 Qb3 38. Kc1 Qf7 39. Rd7 1-0

[Event "XXVI Torneo B di Capodanno"]
[Site "Reggio nell'Emilia ITA"]
[Date "1984.01.01"]
[Round "9"]
[White "Rajna, Gyorgy"]
[Black "Berkell, Peder"]
[Result "0-1"]
[WhiteElo "2380"]
[BlackElo "2330"]
[PlyCount "99"]
[EventDate "1983.12.24"]

1. d4 d5 2. c4 e6 3. Nc3 c5 4. cxd5 exd5 5. Nf3 Nc6 6. g3 c4 7. Bg2 Bb4 8. O-O
Nge7 9. Ne5 O-O 10. Nxc6 bxc6 11. e4 Be6 12. a3 Bxc3 13. bxc3 dxe4 14. Bxe4 Nd5
15. Bd2 Qd7 16. Re1 f5 17. Bg2 f4 18. Re5 Rf6 19. Qe2 Raf8 20. gxf4 Bh3 21. Rg5
Nxf4 22. Bxf4 Rxf4 23. Qxc4+ Kh8 24. Qxc6 Qe7 25. Rg3 Bd7 26. Qc5 Qe2 27. Rf1
Bb5 28. a4 Bc4 29. Qg5 g6 30. Re3 Qa2 31. Re8 Rxe8 32. Qxf4 Bxf1 33. Qf6+ Kg8
34. Bxf1 Rf8 35. Qh4 Qxa4 36. Qe4 Qa2 37. Qe3 Qf7 38. Bb5 Qf5 39. Bc4+ Kh8 40.
Be6 Qf6 41. c4 a5 42. c5 Re8 43. d5 a4 44. c6 Re7 45. d6 Rxe6 46. c7 Rxe3 47.
c8=Q+ Kg7 48. Qc7+ Kh6 49. fxe3 a3 50. Qc4 0-1

[Event "XXVI Torneo B di Capodanno"]
[Site "Reggio nell'Emilia ITA"]
[Date "1984.01.01"]
[Round "9"]
[White "Wagman, Stuart"]
[Black "Gottardi, Gottardo"]
[Result "0-1"]
[WhiteElo "2260"]
[BlackElo "2225"]
[PlyCount "60"]
[EventDate "1983.12.24"]

1. e4 e6 2. d4 b6 3. Nd2 Bb7 4. Ngf3 c5 5. c3 Nf6 6. Bd3 Be7 7. O-O d5 8. e5
Nfd7 9. Re1 g5 10. Nf1 g4 11. N3d2 h5 12. Nb1 Nc6 13. Be3 Qc7 14. Na3 O-O-O 15.
f4 gxf3 16. Nb5 Qb8 17. Qxf3 Rdf8 18. Bf2 a6 19. Na3 Nd8 20. Qe2 c4 21. Bc2 f6
22. Bg3 fxe5 23. Bxe5 Nxe5 24. Qxe5 Bd6 25. Qe2 h4 26. Qg4 h3 27. g3 Qc7 28.
Rad1 Kb8 29. Nb1 Qf7 30. Nbd2 Qf2+ 0-1

[Event "XXVI Torneo B di Capodanno"]
[Site "Reggio nell'Emilia ITA"]
[Date "1984.01.02"]
[Round "10"]
[White "Berkell, Peder"]
[Black "Martorelli, Antonio"]
[Result "1/2-1/2"]
[WhiteElo "2330"]
[BlackElo "2265"]
[PlyCount "102"]
[EventDate "1983.12.24"]

1. d4 Nf6 2. c4 e6 3. Nc3 d5 4. Nf3 Be7 5. e3 O-O 6. b3 b6 7. Bd3 Bb7 8. O-O
Ne4 9. Bb2 Nd7 10. Qe2 a6 11. Rfd1 Bd6 12. Ne5 f6 13. Nxd7 Qxd7 14. Bxe4 dxe4
15. d5 f5 16. dxe6 Qxe6 17. Nd5 f4 18. Nxf4 Bxf4 19. exf4 Rxf4 20. Qe3 Raf8 21.
Rd2 h6 22. Rad1 Rg4 23. Rd8 Rxd8 24. Rxd8+ Kh7 25. f4 Rg6 26. Rd2 Qg4 27. Be5
c5 28. a4 a5 29. Kf1 Qh5 30. Qh3 Qxh3 31. gxh3 Bc8 32. Rd6 Bxh3+ 33. Kf2 Bg4
34. Ke1 Rxd6 35. Bxd6 e3 36. Bc7 Bf5 37. Kd1 e2+ 38. Kxe2 Bc2 39. Bxb6 Bxb3 40.
Kd3 Kg6 41. Bxa5 Kf5 42. Bb6 Bxa4 43. Bxc5 Kxf4 44. Bf8 g6 45. Kd4 h5 46. Kd5
g5 47. c5 Kg4 48. c6 Kh3 49. Bd6 h4 50. Be5 g4 51. Kd6 Bxc6 1/2-1/2

[Event "XXVI Torneo B di Capodanno"]
[Site "Reggio nell'Emilia ITA"]
[Date "1984.01.02"]
[Round "10"]
[White "Bertok, Mario"]
[Black "Koch, Robert"]
[Result "1-0"]
[WhiteElo "2390"]
[BlackElo "2260"]
[PlyCount "57"]
[EventDate "1983.12.24"]

1. d4 d5 2. Nf3 c5 3. c4 e6 4. cxd5 exd5 5. g3 Nc6 6. Bg2 Nf6 7. Nc3 Be7 8. O-O
O-O 9. dxc5 Bxc5 10. Na4 Be7 11. Be3 Ne4 12. Nd4 Na5 13. Rc1 Bd7 14. Nc3 Nxc3
15. Rxc3 Be6 16. b3 Qd7 17. Qd3 Nc6 18. Nxc6 bxc6 19. Bc5 Rfc8 20. Bxe7 Qxe7
21. Rfc1 Qa3 22. R1c2 g6 23. h4 h5 24. Rxc6 Rxc6 25. Rxc6 Qxa2 26. Rxe6 Qa1+
27. Kh2 fxe6 28. Qxg6+ Kf8 29. Qxe6 1-0

[Event "XXVI Torneo B di Capodanno"]
[Site "Reggio nell'Emilia ITA"]
[Date "1984.01.02"]
[Round "10"]
[White "Bukal, Vladimir sr"]
[Black "Wagman, Stuart"]
[Result "1-0"]
[WhiteElo "2440"]
[BlackElo "2260"]
[PlyCount "125"]
[EventDate "1983.12.24"]

1. c4 e6 2. Nc3 d5 3. d4 Be7 4. Nf3 Nf6 5. cxd5 exd5 6. Bg5 c6 7. Qc2 g6 8. e3
Bf5 9. Bd3 Bxd3 10. Qxd3 Nbd7 11. h3 O-O 12. a3 Re8 13. Bf4 Ne4 14. O-O Bd6 15.
Bxd6 Nxd6 16. Nd2 Nf5 17. b4 Nh4 18. b5 Re6 19. bxc6 bxc6 20. g3 Nf5 21. Rab1
Qf8 22. Ne2 c5 23. Nf4 Rd6 24. dxc5 Nxc5 25. Qc2 Rdd8 26. Nf3 Rac8 27. g4 Ne4
28. Qb2 Ne7 29. Rbd1 Qg7 30. Qb7 Qf6 31. Kg2 Qd6 32. Qxa7 Ra8 33. Qd4 Nc5 34.
Qb2 Rdb8 35. Qd2 Rd8 36. Nd4 Ne4 37. Qb4 Rxa3 38. Qxd6 Nxd6 39. Nc2 Ra5 40. Nb4
Ne4 41. Rd4 Nf6 42. Rfd1 g5 43. Ne2 Rb8 44. Nc3 h6 45. Kg3 Kg7 46. h4 Rc8 47.
Ncxd5 Nexd5 48. Nxd5 Nxd5 49. Rxd5 Rxd5 50. Rxd5 gxh4+ 51. Kxh4 Rc7 52. e4 Rc3
53. Rf5 Ra3 54. f3 Rb3 55. Kg3 Ra3 56. Rd5 Rb3 57. Kf4 Ra3 58. e5 Rb3 59. Rd6
Ra3 60. Ke4 Rb3 61. f4 Ra3 62. f5 Ra8 63. Rd7 1-0

[Event "XXVI Torneo B di Capodanno"]
[Site "Reggio nell'Emilia ITA"]
[Date "1984.01.02"]
[Round "10"]
[White "Gottardi, Gottardo"]
[Black "Huss, Andreas"]
[Result "1-0"]
[WhiteElo "2225"]
[BlackElo "2280"]
[PlyCount "77"]
[EventDate "1983.12.24"]

1. Nf3 Nf6 2. c4 e6 3. g3 d5 4. b3 Be7 5. Bg2 c5 6. O-O O-O 7. e3 Nc6 8. d4
dxc4 9. bxc4 cxd4 10. exd4 Qc7 11. Qe2 Rd8 12. Rd1 Na5 13. Ba3 b6 14. Bxe7 Qxe7
15. Nbd2 Ba6 16. Rac1 Rac8 17. Bf1 Rc7 18. Qe3 Rdc8 19. Ne5 Nd7 20. Bd3 Nxe5
21. dxe5 Bb7 22. Qe2 g6 23. Be4 Bd5 24. Bd3 b5 25. cxd5 Rxc1 26. d6 Qb7 27. Ne4
Kg7 28. h4 Rxd1+ 29. Qxd1 Nc4 30. Qf3 Nb6 31. Qf6+ Kg8 32. h5 Nd7 33. Qe7 Rc1+
34. Kh2 Kg7 35. h6+ Kxh6 36. Qg5+ Kg7 37. Qxc1 Nxe5 38. Qc3 f6 39. Qc7+ 1-0

[Event "XXVI Torneo B di Capodanno"]
[Site "Reggio nell'Emilia ITA"]
[Date "1984.01.02"]
[Round "10"]
[White "Perenyi, Bela"]
[Black "Rajna, Gyorgy"]
[Result "1-0"]
[WhiteElo "2335"]
[BlackElo "2380"]
[PlyCount "77"]
[EventDate "1983.12.24"]

1. e4 e5 2. Nf3 Nc6 3. Bb5 a6 4. Ba4 Nf6 5. O-O Be7 6. Re1 b5 7. Bb3 O-O 8. c3
d5 9. exd5 Nxd5 10. Nxe5 Nxe5 11. Rxe5 c6 12. d4 Bd6 13. Re2 Qh4 14. g3 Qf6 15.
Nd2 Bg4 16. f3 Bxf3 17. Nxf3 Qxf3 18. Qf1 Qg4 19. Bd2 f5 20. Re6 f4 21. Rxd6
fxg3 22. Qg2 gxh2+ 23. Kh1 Qxg2+ 24. Kxg2 Rae8 25. Re1 Rf2+ 26. Kh1 Rxe1+ 27.
Bxe1 Rf1+ 28. Kxh2 Rxe1 29. Rxc6 Re2+ 30. Kg3 Rxb2 31. Bxd5+ Kf8 32. Rc7 b4 33.
cxb4 Rxb4 34. Kf4 Rxd4+ 35. Ke5 Rg4 36. Kd6 g5 37. Rf7+ Ke8 38. Rxh7 Kf8 39.
Rf7+ 1-0

[Event "XXVI Torneo B di Capodanno"]
[Site "Reggio nell'Emilia ITA"]
[Date "1984.01.03"]
[Round "11"]
[White "Huss, Andreas"]
[Black "Bukal, Vladimir sr"]
[Result "1/2-1/2"]
[WhiteElo "2280"]
[BlackElo "2440"]
[PlyCount "23"]
[EventDate "1983.12.24"]

1. d4 d5 2. Nf3 e6 3. c4 Nf6 4. Nc3 Be7 5. Bg5 h6 6. Bh4 O-O 7. e3 b6 8. Bxf6
Bxf6 9. cxd5 exd5 10. Be2 Bb7 11. O-O Re8 12. Rc1 1/2-1/2

[Event "XXVI Torneo B di Capodanno"]
[Site "Reggio nell'Emilia ITA"]
[Date "1984.01.03"]
[Round "11"]
[White "Koch, Robert"]
[Black "Berkell, Peder"]
[Result "1/2-1/2"]
[WhiteElo "2260"]
[BlackElo "2330"]
[PlyCount "26"]
[EventDate "1983.12.24"]

1. d4 d5 2. Nf3 c5 3. c3 e6 4. e3 Nf6 5. Be2 Nbd7 6. O-O Bd6 7. Nbd2 O-O 8. c4
b6 9. b3 Bb7 10. Bb2 Qe7 11. Ne5 Rfd8 12. f4 cxd4 13. exd4 Ba3 1/2-1/2

[Event "XXVI Torneo B di Capodanno"]
[Site "Reggio nell'Emilia ITA"]
[Date "1984.01.03"]
[Round "11"]
[White "Martorelli, Antonio"]
[Black "Perenyi, Bela"]
[Result "1-0"]
[WhiteElo "2265"]
[BlackElo "2335"]
[PlyCount "65"]
[EventDate "1983.12.24"]

1. e4 c5 2. Nc3 Nc6 3. g3 g6 4. Bg2 Bg7 5. d3 d6 6. Be3 Nd4 7. Qd2 Qa5 8. Rb1
e6 9. a3 Ne7 10. Nge2 O-O 11. O-O b6 12. Qc1 Bb7 13. Bd2 Qa6 14. b4 cxb4 15.
axb4 b5 16. Nxd4 Bxd4 17. Ne2 Bh8 18. c4 bxc4 19. b5 Qb6 20. Qxc4 Rfc8 21. Qa4
a5 22. bxa6 Qxa6 23. Qd7 Bc6 24. Qxd6 Rd8 25. Qxe7 Qxd3 26. Bc3 Qxe2 27. Bxh8
Kxh8 28. Qxf7 Qa2 29. Qf6+ Kg8 30. Bh3 Re8 31. Rfc1 Bxe4 32. Ra1 Qb3 33. Rxa8
1-0

[Event "XXVI Torneo B di Capodanno"]
[Site "Reggio nell'Emilia ITA"]
[Date "1984.01.03"]
[Round "11"]
[White "Rajna, Gyorgy"]
[Black "Gottardi, Gottardo"]
[Result "1-0"]
[WhiteElo "2380"]
[BlackElo "2225"]
[PlyCount "65"]
[EventDate "1983.12.24"]

1. d4 Nf6 2. c4 e6 3. Nf3 b6 4. a3 Ba6 5. Qc2 Bb7 6. Nc3 c5 7. e3 Be7 8. Be2
O-O 9. O-O a6 10. Rd1 d6 11. d5 e5 12. e4 Bc8 13. b4 Ne8 14. bxc5 bxc5 15. Rb1
g6 16. Bh6 Ng7 17. Na4 Bg4 18. Rb7 Nd7 19. Rdb1 Rb8 20. Rxb8 Nxb8 21. h3 Bd7
22. Nb6 Be8 23. Qb2 Nd7 24. Nxd7 Bxd7 25. Qb6 Bc8 26. Nd2 Re8 27. Bd1 Qd7 28.
Nf1 f5 29. Bxg7 Kxg7 30. exf5 Qxf5 31. Bg4 Qc2 32. Ne3 Qa4 33. Qc6 1-0